| 000 | 01318nam2a22002531 4500 | ||
|---|---|---|---|
| 001 | RU\NLR\INFOCOMM29\5000109035 | ||
| 005 | 20050207124757.6 | ||
| 035 | _a(NLR Aleph) 002728520 | ||
| 090 |
_a1940472 _c1940472 |
||
| 100 | _a20050207d1976 |||y0rusy50 ca | ||
| 101 | 0 | _arus | |
| 102 | _aRU | ||
| 105 | _ay ||||000|y | ||
| 200 | 1 |
_aСинтетические пленочные и волокнистые материалы в электрической изоляции _fЛ.В. Яманова |
|
| 210 | _d1976 | ||
| 461 | 0 |
_1001RU\NLR\INFOCOMM29\5000108992 _12001#$aЭлектротехнические материалы, электрические конденсаторы, провода и кабели$fГос. ком. Совета Министров СССР по науке СССР. АН СССР. ВИНИТИ$vТ.8 _91940103 _cМ. _d1964- _fГос. ком. Совета Министров СССР по науке СССР. АН СССР. ВИНИТИ _tЭлектротехнические материалы, электрические конденсаторы, провода и кабели _vТ.8 |
|
| 700 | 1 |
_aЯманова _bЛ. В. _4070 |
|
| 801 | 0 |
_aRU _bNLR _gPSBO |
|
| 801 | 1 |
_aRU _bInfoComm _c20050207 |
|
| 852 |
_aNLR _jП10/4816 |
||
| 942 | _cISSUE | ||
| 980 | _aNB | ||
| 980 | _aRUSPER | ||